ბათუმის შოთა რუსთაველის სახელმწიფო უნივერსიტეტის ბიბლიოთეკა

საგადასახადო სამართალი : (ბიბ.ჩანაწერი № 57614)

000 -ლიდერი
ფიქსირებული სიგრძის საკონტროლო ველი 02115nam a22002177a 4500
003 - საკონტროლო ნომრის იდენტიფიკატორი
საკონტროლო ველი Ge_BSU
005 - ბოლო ოპერაციის თარიღი და დრო
საკონტროლო ველი 20200818120306.0
008 - ფიქსირებული სიგრძის მონაცემთა ელემენტები - ზოგადი ინფორმაცია
ფიქსირებული სიგრძის საკონტროლო ველი 200818s2018 ge ||||| |||| 00| 0 geo d
020 ## - წიგნის საერთაშორისო სტანდარტული ნომერი
International Standard Book Number 9789941960734
041 ## - ენის კოდი
Language code of text/sound track or separate title geo
080 ## - უნივერსალური ათობითი კლასიფიკაციის ინდექსი
Universal Decimal Classification number 342.743(479.22)(075.8) რ-72
100 ## - მთავარი ჩანაწერი - პიროვნების სახელი
Personal name როგავა, ზვიად
9 (RLIN) 9239
245 ## - ცნობა სათაურის შესახებ
Title საგადასახადო სამართალი :
Remainder of title დამხმარე სახელმძღვანელო. წ. 1, გადასახადები, გადასახადების სისტემა და საგადასახადო სამართალი. საგადასახადო სამართლის წყაროები. საგადასახადო-სამართლებრივი ურთიერთობების სუბიექტები. საგადასახადო ვალდებულება და მისი შესრულება. საგადასახადო დავალიანების გადახდევინების უზრუნველყოფა. საერთაშორისო ორმაგი დაბეგვრა /
Statement of responsibility, etc ზვიად როგავა ; რედაქტორი მაია კოპალეიშვილი.
264 ## - წარმოების, გამოცემის, დისტრიბუციის და სხვა ცნობები
გამოცემის, წარმოების, დისტრიბუციის... ადგილი თბილისი :
გამოცემის, წარმოების, დისტრიბუციის... სახელწოდება იურისტების სამყარო,
გამოცემის, წარმოების, დისტრიბუციის... თარიღი 2018.
300 ## - ფიზიკური აღწერა
Extent 520 გვ.
Other physical details 25 სმ.
500 ## - ზოგადი შენიშვნა
General note თავფურცლის მე-3 გვერდი ინგლისურ ენაზე.
504 ## - BIBLIOGRAPHY, ETC. NOTE
Bibliography, etc ბიბლიოგრაფია ტექსტის შენიშვნებში.
653 ## - INDEX TERM--UNCONTROLLED
Uncontrolled term საქართველოს საგადასახადო სამართალი -- სახელმძღვანელოები უმაღლესი სასწავლებლებისათვის.
700 ## - ADDED ENTRY--PERSONAL NAME
Personal name კოპალეიშვილი, მაია
Relator term რედაქტორი
9 (RLIN) 9240
942 ## - ADDED ENTRY ELEMENTS (KOHA)
Source of classification or shelving scheme
Koha item type წიგნი
ეგზემპლარები
ჩამოწერის სტატუსი დაკარგული ეგზემპლარის სტატუსი კლასიფიკაციის წყარო ან თაროზე გაწყობის სქემა დაზიანების სტატუსი არ გაიცემა მუდმივი მდებარეობა (დაცვის ადგილი) ამჟამინდელი ადგილსამყოფელი თაროზე განთავსების ადგილი შეძენის თარიღი ღირებულება, შესყიდვის ნორმალური ფასი სრული შენახვის შიფრი შტრიხკოდი ბოლო ოპერაციის თარიღი ეგზემპლარის მიმდევრობითი ნომერი (კეტერი?) ფასის ძალაში შესვლის თარიღი ეგზემპლარის სახეობა საჯარო შენიშვნა
          ბათუმის შოთა რუსთაველის სახელმწიფო უნივერსიტეტის მთავარი ბიბლიოთეკა ბათუმის შოთა რუსთაველის სახელმწიფო უნივერსიტეტის მთავარი ბიბლიოთეკა წიგნსაცავი 2020-08-18 33.00 342.743(479.22)(075.8) რ-72 60853 2020-08-18 60853 2020-08-18 წიგნი 33 ლ.